The famous and the dead #6 [CD/sound recording] : ... Read More
Available copies
- 1 of 1 copy available at LARL/NWRL Consortium.
- 1 of 1 copy available at Lake Agassiz Regional Library. (Show preferred library)
Current holds
0 current holds with 1 total copy.
View other formats and editions
Show Only Available Copies
| Location | Call Number / Copy Notes | Barcode | Shelving Location | Status | Due Date |
|---|---|---|---|---|---|
| Moorhead Public Library | CD TALKING BOOK M PAR (Text) | 33500011015401 | Main | Available | - |
Record details
- ISBN: 1455818062
- ISBN: 9781455818068
- Physical Description: 12 sound discs (13 hr., 54 min.) : digital ; 4 3/4 ... Read More
- Edition: Unabridged.
- Publisher: Grand Haven, MI : Brilliance Audio, p2013.
Content descriptions
| General Note: | Compact discs. |
| Participant or Performer Note: | Read by David Colacci. |
| Summary, etc.: | Los Angeles County sheriff's deputy Charlie Hood ... Read More |
Search for related items by subject
| Subject: | Hood, Charlie (Fictitious character) > Fiction. Police > California, Southern > Fiction. |
| Genre: | Mystery fiction. Suspense fiction. Audiobooks. |
Search for related items by series
| LDR | 03332cim a2200529Ia 4500 | ||
|---|---|---|---|
| 001 | 153413 | ||
| 003 | LARL_NWRL_CONSORTIUM | ||
| 005 | 20130716102605.0 | ||
| 007 | sd fungnnmmneu | ||
| 008 | 130123s2013 miunnnn f n eng d | ||
| 019 | . | ‡a839394021 | |
| 020 | . | ‡a1455818062 | |
| 020 | . | ‡a9781455818068 | |
| 028 | 0 | 2. | ‡aBN2220 ‡bRecorded Books |
| 035 | . | ‡a(OCoLC)824964243 ‡z(OCoLC)839394021 | |
| 043 | . | ‡an-us-ca | |
| 082 | 0 | 4. | ‡a813/.54 ‡223 |
| 100 | 1 | . | ‡aParker, T. Jefferson. ‡0(LARL_NWRL_CONSORTIUM)83790 |
| 245 | 1 | 4. | ‡aThe famous and the dead ‡n#6 ‡h[CD/sound recording] : ‡ba Charlie Hood novel / ‡cT. Jefferson Parker. |
| 250 | . | ‡aUnabridged. | |
| 260 | . | ‡aGrand Haven, MI : ‡bBrilliance Audio, ‡cp2013. | |
| 300 | . | ‡a12 sound discs (13 hr., 54 min.) : ‡bdigital ; ‡c4 3/4 in. | |
| 306 | . | ‡a135400 | |
| 336 | . | ‡aspoken word ‡bspw ‡2rdacontent | |
| 337 | . | ‡aaudio ‡bs ‡2rdamedia | |
| 338 | . | ‡aaudio disc ‡bsd ‡2rdacarrier | |
| 344 | . | ‡adigital ‡boptical ‡2rda | |
| 347 | . | ‡bCD audio ‡2rda4901 | |
| 490 | 0 | . | ‡a4901 Charlie Hood ; ‡v6 |
| 511 | 0 | . | ‡aRead by David Colacci. |
| 500 | . | ‡aCompact discs. | |
| 520 | . | ‡aLos Angeles County sheriff's deputy Charlie Hood is attached to the ATF, working undercover on the iron river that flows across the U.S.-Mexican border. The diamond fillings he wears in his left canine glimmer, distracting the men who sell the illegal firearms that enable the unspeakable violence on both sides of the map. Spotting the sparkle when "Charlie Diamonds" opens his mouth is often their first step toward life behind bars. Meanwhile, Bradley Jones, sheriff's deputy and employee of the Baja Cartel, son of the love of Charlie's life, the deceased L.A. outlaw Suzanne Jones, is expecting a son of his own. Suzanne was descended from famed Mexican desperado Joaquin Murrieta, whose embalmed head Bradley inherited from her and keeps nestled among piles of cash, proceeds from Bradley's own life of crime. Charlie knows all of Bradley's secrets; the question is what he'll do with the information. Until he decides, his obsession remains the inexplicable existence of Mike Finnegan, the diminutive devil who flits in and out of both men's lives, knowing things he shouldn't, seemingly immortal. Three men: earnest law-enforcer, inveterate lawbreaker, and the man who pits them against each other--hurtle toward one another in the jaw-dropping conclusion to T. Jefferson Parker's mesmerizing vision of the border. Their climactic showdown brings to a spectacular close a crime series that obliterated the boundaries of the genre. | |
| 650 | 0. | ‡aHood, Charlie (Fictitious character) ‡vFiction. | |
| 650 | 0. | ‡aPolice ‡zCalifornia, Southern ‡vFiction. | |
| 655 | 7. | ‡aMystery fiction. ‡2gsafd | |
| 655 | 7. | ‡aSuspense fiction. ‡2gsafd | |
| 655 | 7. | ‡aAudiobooks. ‡2lcgft ‡0(LARL_NWRL_CONSORTIUM)175801 | |
| 700 | 1 | . | ‡aColacci, David. ‡0(LARL_NWRL_CONSORTIUM)111612 |
| 901 | . | ‡a153413 ‡bOCLC ‡c153413 ‡tbiblio | |

Add to basket
Permalink
Disable Highlighting